000 00804nam a2200229Ia 4500
001 15995
003 GE_BSU
008 181216s||||||||xx |||||||||||||| ||und||
040 _cGE_BSU
080 _a821.353.1-4
100 _aჯორბენაძე, გ.
245 _aსიმფეროპოლიდან ბუდაპეშტამდე
245 _bდოკ. მოთხრობები
245 _cლ.ბეჟანიძე. მხ. ლ.სეიდიშვილი
260 _aბათუმი
260 _bსაბჭ. აჭარა
260 _c1973
300 _a67 გვ. ; 16 სმ.
653 _aდოკ. მოთხრობები
653 _aსიმფეროპოლიდან ბუდაპეშტამდე
942 _cBK
999 _c49088
_d49088